000 01412nam a2200277 i 4500
001 153585
003 ES-MaACL
005 20250816091140.0
008 980916s1762 fr af |||| | fre d
040 _aCYL
_bspa
_cCYL
100 1 _aDuhamel Du Monceau, Henri-Louis.
_9146391
245 1 0 _aDe la forge des enclumes /
_cpar M. Duhamel du Monceau.
260 _a[Paris] :
_bSaillant et Nyon :,
_c1762 (
_fImp. de H.L. Guerin & L.F. Delatour)
300 _a[2], 11, [1] en bl. p., [1] h. de grab. :
_bil. ;
_cFol. (44 cm)
490 1 _aDescriptions des arts et métiers faites ou approuvées par Messieurs de l'Académie Royale des Sciences
530 _aDisponible en formato digital.
596 _aPie de imp. tomado del colofón.
597 _aSign.: []1, A-C2.
599 _aLa h. de grab. calc.: "Dessinée par Bretez et Simonneau le fils, 1717 et Patte Correxit 1762, Lucas sculp."
650 4 _aMetalurgia-
_vObras anteriores a 1800.
_9153962
830 0 0 _aDescriptions des arts et métiers
_9241750
852 _aES-MaACL
_jR-31(3)
_z- Enc. hol.
_x Olim: C-10827-70
852 _aES-MaACL
_jR-2056
_z- Enc. pasta española grab. con hierros
_z- Enc. en este ejemplar [5] h. de grab. de "Nouvel art d'adoucir le fer" y las IX h. de grab. de "
_xC-10825
856 _uhttp://gallica.bnf.fr/ark:/12148/bpt6k1067640k?rk=21459;2
_zBNF-Gallica
999 _c153585
_d153585